00657nam a22001937a 450000500170000001000150001702000260003203500140005803700130007208200100008510000250009524501220012026000510024227000410029330000210033450000470035570000320040270000290043420240307104256.0 aENG-139568 a9788195264001c395.00 aEN-123100 bDBAD/PUB a136.7 aMehta, Pradeep Kumar aEverything you want to ask about:bYour bundle of joy/cBy Pradeep Kumar Mehta and Edited by Deepshikha SethhEnglish bIvynib Communications Pvt LtdaNew Delhic2021 aA-1010 ATS Bouquet Sector 132, Noida a189p.c23cm(hbk) aA Practical Guide to Raising a Happy Child aMehta, Pradeep KumareAutor aSeth, DeepshikhaeEditor